000 00511nam a2200217Ia 4500
003 OSt
005 20220924133515.0
006 a|||||r|||| 00| 0
007 ta
008 220923b |||||||| |||| 00| 0 tam d
024 _a265977
037 _cTextual
040 _aARTS
_cARTS
_btam
041 _2tam
_atam
082 _aO31,1G25,1:8, J7
245 0 _aKambankala
260 _c1957
650 _aTAMIL POETRY
942 _hO31,1G25,1:8, J7
_cTEXL
_2CC
999 _c434097
_d434097